| 000 | 01104cam a22001934a 4500 | ||
|---|---|---|---|
| 005 | 20250605163937.0 | ||
| 008 | 250528s ||||||||||||||||||||||||d | ||
| 035 | _a14897 | ||
| 020 | _a674872355 | ||
| 040 |
_aGR-AtMCL _bgre _dGR-AtMCL _eAACR2 |
||
| 245 | 1 | _aTechnological Change / Its Impact on Man and Society | |
| 260 |
_bHarvard University Press, _c1970 |
||
| 300 | _a130 | ||
| 520 | _aPreface, Social Change, Three Inadequate Views About Technology, Some Countervailing Considerations, How Technological Change Impinges on Society, On Taking Advantage of Technological Opportunities, Containing the Negative Effects of Technology, Values, The Challenge of Technology to Values, How Technology Leads to Value Change, The Value Implications of Economic Change, Religion and Values, Economic and Political Organization, The Enhancement of the Public Sphere, Private Firms and Public Goods, Scientific Decision Making, Individual Rights and Public Responsibilities, Notes, Annotated Bibliography, Index. | ||
| 700 | 1 |
_aMesthene Emmanuel G _9692 |
|
| 942 | _cBK | ||
| 999 |
_c508 _d508 |
||